000 00961nas a2200277 4500
001 BR8702008
003 BR-BrBNA
005 20231205090633.0
007 ta
008 230509b bl.|||p| |||| 00| 00por d
040 _aBR-BrBNA
_bpor
_cBiblioteca Nacional de Agricultura
041 _a(Pt)
072 _aF01
100 1 _aCastro, P.R.C.
100 1 _aCarrer, E.
100 1 _aColmenarez, F.V.
100 1 _aSilva, A.A.
100 1 _aAlmeida, C.V.
245 1 _aAcao de estimulantes vegetais no comportamento do feijoeiro (Phaseolus vulgaris L. cv. Goiano precoce)
246 1 _aAction of plant stimulants on behavior of beans (Phaseolus vulgaris L. cv. Goiano Precoce)
650 _aFEIJAO
650 _aESTIMULANTE DE CRESCIMENTO VEGETAL
773 0 _tAnais da Escola Superior de Agricultura Luiz de Queiroz (Brazil)
_xISSN 0071-1276
_g(1985), v. 42(1) p. 15-28
_wBR8702008
909 _a202311
_bLúcia
_c55
_dLúcia Elande
942 _2AGRIS
_n0
_cANA
999 _c119949
_d119949